| 000 | nam a22 7a 4500 | ||
|---|---|---|---|
| 999 |
_c40678 _d40678 |
||
| 005 | 20171121094944.0 | ||
| 008 | 171121b xxu||||| |||| 00| 0 eng d | ||
| 040 | _aANE | ||
| 041 | _aEs | ||
| 082 | _appec20171121-1 | ||
| 110 | _aEl Comercio 20171121 | ||
| 245 | _aEmpresarios y Gobierno chocan en siete temas del proyecto de ley para Impulsar la Reactivación Económica | ||
| 300 | _a20171121 | ||
| 500 | _aEmpresarios y Gobierno chocan en siete temas del proyecto de ley para Impulsar la Reactivación Económica (El Comercio) Entre los empresarios y el Gobierno hay siete puntos de desacuerdo en relación con las medidas económicas planteadas por el presidente Moreno, y el proyecto de ley para Impulsar la Reactivación Económica, que se debatió ayer (20 de noviembre de 2017) en el Pleno de la Asamblea. Aunque el Legislativo hizo observaciones a casi el 50% del documento que se presentó para primer debate, los empresarios no están conformes. Según el presidente de la Comisión de Régimen Económico, Pabel Muñoz, se hizo un esfuerzo para mejorar el proyecto con el fin de estimular el debate, lo que supone que no será el proyecto definitivo. | ||
| 650 | _aEmpresarios | ||
| 650 | _aGobierno | ||
| 650 | _atemas | ||
| 650 | _aley | ||
| 650 | _aImpulsar | ||
| 650 | _aReactivación | ||
| 650 | _aEconómica | ||
| 856 | _uhttp://documentacion.asambleanacional.gob.ec/alfresco/d/d/workspace/SpacesStore/a0ea5b55-fe8c-4e46-afd7-dd24572e1402/ppec20171121-1.pdf | ||
| 942 |
_2ddc _cAP _zpc |
||